<?xml version="1.0" encoding="UTF-8"?>
<collection xmlns="http://www.loc.gov/MARC21/slim">
 <record>
  <leader>01627nam a2200205 a 4500</leader>
  <controlfield tag="001">TVCDKTCT9232</controlfield>
  <controlfield tag="003">Thư viện trường Cao đẳng Kỹ thuật Cao Thắng</controlfield>
  <controlfield tag="005">20080428000000</controlfield>
  <controlfield tag="008">080428</controlfield>
  <datafield tag="980" ind1="\" ind2="\">
   <subfield code="a">Thư viện Trường CĐ Kỹ Thuật Cao Thắng</subfield>
  </datafield>
  <datafield tag="024" ind1=" " ind2=" ">
   <subfield code="a">RG_1 #1 eb0 i1</subfield>
  </datafield>
  <datafield tag="041" ind1="0" ind2="#">
   <subfield code="a">vie</subfield>
  </datafield>
  <datafield tag="082" ind1="#" ind2="#">
   <subfield code="a">959.7 / </subfield>
   <subfield code="b">V308S-ng</subfield>
  </datafield>
  <datafield tag="100" ind1="1" ind2="#">
   <subfield code="a">Nguyễn Khắc Thuần</subfield>
  </datafield>
  <datafield tag="245" ind1="0" ind2="0">
   <subfield code="a">Việt sử giai thoại : Tập 6, 65 giai thoại thế kỉ XVI-XVII /</subfield>
   <subfield code="c">Nguyễn Khắc Thuần</subfield>
  </datafield>
  <datafield tag="250" ind1="#" ind2="#">
   <subfield code="a">Tái bản lần thứ 11</subfield>
  </datafield>
  <datafield tag="260" ind1="#" ind2="#">
   <subfield code="a">H. :</subfield>
   <subfield code="b">Giáo Dục ,</subfield>
   <subfield code="c">2007</subfield>
  </datafield>
  <datafield tag="300" ind1="#" ind2="#">
   <subfield code="a">171tr. ;</subfield>
   <subfield code="c">21cm</subfield>
  </datafield>
  <datafield tag="520" ind1="#" ind2="#">
   <subfield code="a">Bộ Việt sử giai thoại gồm 8 tập . Tám cuốn sách được viết trên cơ sở trích dịch từ hàng trăm cuốn sách cổ. Tập 6 viết về giai đoạn lịch sử XVI-XVII. Trong phạm vi của thế kỉ XVI, cuộc hỗn chiến Nam-bắc triều ( cũng có người gọi là chiến tranh Lê-Mạc) là sự kiện chính trị nổi bật nhất. Sự kiện chính trị nổi bật nhất của thế kỉ XVII đó là cuộc hỗn chiến Đàng Ngoài-Đàng Trong (cũng gọi là Trịnh Nguyễn phân tranh) đã gây biết bao đau thương và tang tóc cho nhân dân cả nước ta. Sau khi không thể tiêu diệt được nhau, hai bên đã lấy sông Gianh (ở Quảng Bình ngày nay) làm giới tuyến chia cắt.</subfield>
  </datafield>
  <datafield tag="650" ind1="#" ind2="4">
   <subfield code="a">Lịch sử--Việt Nam(XVI-XVII)</subfield>
  </datafield>
 </record>
</collection>
